|
|
|
|
| LEADER |
00737cam a2200229 7i4500 |
| 001 |
0000030874 |
| 005 |
20191009090000.0 |
| 008 |
091116 eng |
| 020 |
|
|
|a 9780070164901 (pbk.)
|
| 020 |
|
|
|a 0070164908 (pbk.)
|
| 040 |
|
|
|a DLC
|
| 090 |
0 |
0 |
|a TK7868.L6
|b M37 2010
|
| 100 |
1 |
|
|a Marcovitz, Alan B
|
| 245 |
1 |
0 |
|a Introduction to logic design
|c Alan B. Marcovitz.
|
| 250 |
|
|
|a 3rd ed.
|
| 260 |
|
|
|a Boston:
|b McGraw-Hill Higher Edu.,
|c 2010.
|
| 300 |
|
|
|a xii, 637 p.:
|b col. ill.;
|c 24 cm.
|
| 500 |
|
|
|a Includes index
|
| 650 |
0 |
0 |
|a Logic circuits
|
| 650 |
0 |
0 |
|a Logic design
|
| 997 |
|
|
|a Engineering & Life Sciences, Faculty
|b Engineering, Department
|
| 999 |
|
|
|a 0000037817
|b BOK
|c OPEN SHELF
|e 2nd Floor, Bestari Jaya
|